Proyecto de traida de agua de La Alcoraya a Alicante (Record no. 161417)

MARC details
000 -LEADER
campo de control de longitud fija 00825nam a2200181 i 4500
001 - NÚMERO DE CONTROL
campo de control 161417
003 - IDENTIFICADOR DE NÚMERO DE CONTROL
campo de control ES-MaACL
005 - FECHA Y HORA DE LA ÚLTIMA TRANSACCIÓN
campo de control 20230906212300.0
008 - DATOS DE LONGITUD FIJA--INFORMACIÓN GENERAL
campo de control de longitud fija 010307s1880 sp e |||| | spa d
040 ## - FUENTE DE CATALOGACIÓN
Centro catalogador/agencia de origen CCPB | B
Lengua de catalogación spa
Centro/agencia transcriptor CCPB | B
100 1# - ENTRADA PRINCIPAL--NOMBRE DE PERSONA
Nombre de persona Pardo y Jimeno, Pascual.
9 (RLIN) 130840
245 10 - MENCIÓN DEL TÍTULO
Título Proyecto de traida de agua de La Alcoraya a Alicante
Resto del título : año 1880 /
Mención de responsabilidad, etc. por Pascual Pardo y Jimeno.
260 ## - PUBLICACIÓN, DISTRIBUCIÓN, ETC.
Lugar de publicación, distribución, etc. Alicante :
Nombre del editor, distribuidor, etc. [s.n.,
Fecha de publicación, distribución, etc. 1880?] (
Fabricante Imp. de Antonio Reus)
300 ## - DESCRIPCIÓN FÍSICA
Extensión 28 p., [1] h. de plan. pleg. ;
Dimensiones 21 cm.
599 #1 - NOTA A LAS ILUSTRACIONES
NOTA A LAS ILUSTRACIONES La h. de plan. representa el terreno por donde se realizará el trasvase.
650 #4 - PUNTO DE ACCESO ADICIONAL DE MATERIA--TÉRMINO DE MATERIA
Término de materia o nombre geográfico como elemento de entrada Agua-
Subdivisión general Abastecimiento-
Subdivisión geográfica Alicante.
9 (RLIN) 156367
852 ## - LOCALIZACIÓN
Ubicación ES-MaACL
Número de control de estantería T-419-F-15
Nota libre -- Enc. hol.
condición física -- Falto de la cub. original
Nota libre -- Enc. en un vol. facticio
Encuadernación -- Edic.: añadir en T260 (Imprenta de Antonio Reus)
Holdings
Estatus retirado Estado de pérdida Estado de daño No para préstamo Colección Biblioteca de origen Biblioteca actual Ubicación en estantería Fecha de adquisición Total de préstamos Signatura topográfica completa Código de barras Visto por última vez Precio de reemplazo Tipo de ítem Koha
        Colección de folletos Biblioteca del Ateneo de Madrid Biblioteca del Ateneo de Madrid Depósito folletos 17/01/2008   T-419-F-15 1169081 23/02/2023 23/02/2023 Folleto